| 000 | 00370nam a2200145Ia 4500 | ||
|---|---|---|---|
| 005 | 20250729165800.0 | ||
| 008 | 250729s2016 xx 000 0 und d | ||
| 041 | _aeng | ||
| 082 | _a372.25 MANA | ||
| 100 |
_aS.K.Mangal _9232859 |
||
| 245 | _aAdvanced Educational Psychology | ||
| 260 |
_aDelhi _bP H I Learning _c2016 |
||
| 300 | _a520p | ||
| 650 |
_aPsychology _9232860 |
||
| 999 |
_c239992 _d239992 |
||